LEADER 00940nam0-22003371i-450- 001 990000555830403321 005 20001010 010 $a975 561 114 2 035 $a000055583 035 $aFED01000055583 035 $a(Aleph)000055583FED01 035 $a000055583 100 $a20001010d--------km-y0itay50------ba 101 0 $aita 105 $ay-------001yy 200 1 $a8th congress of the international maritime association of mediterranean. Proceedings . 2 - 9 November 1997$fOsman Kamil Sag (ed)$gIMAM 210 $aIstanbul$cUniversity Press$d1997 215 $a3/3 v.$d30 cm$dp. 610 0 $aArchitettura navale 610 0 $aCostruzioni navali 676 $a623.8$a623.819 702 1$aSag,$bOsman Kamil 710 02$aIMAM 712 02$aIMAM 801 0$aIT$bUNINA$gRICA$2UNIMARC 901 $aBK 912 $a990000555830403321 952 $a05 66 148$b$fDININ 959 $aDININ 997 $aUNINA DB $aING01 LEADER 02456nam 22006494a 450 001 9910777815503321 005 20221107223725.0 010 $a1-282-26948-8 010 $a9786612269486 010 $a0-299-19483-3 024 7 $a2027/heb06617 035 $a(CKB)1000000000473456 035 $a(dli)HEB06617 035 $a(SSID)ssj0000141082 035 $a(PQKBManifestationID)11157288 035 $a(PQKBTitleCode)TC0000141082 035 $a(PQKBWorkID)10057164 035 $a(PQKB)10736301 035 $a(MiAaPQ)EBC3444727 035 $a(OCoLC)162127661 035 $a(MdBmJHUP)muse12178 035 $a(Au-PeEL)EBL3444727 035 $a(CaPaEBR)ebr10217082 035 $a(MiU)MIU01000000000000006869447 035 $a(EXLCZ)991000000000473456 100 $a20030801d2004 ub 0 101 0 $aeng 135 $aurmnummmmuuuu 181 $ctxt 182 $cc 183 $acr 200 10$aDoubly chosen$b[electronic resource] $eJewish identity, the Soviet intelligentsia, and the Russian Orthodox Church /$fJudith Deutsch Kornblatt 210 $aMadison, Wis. $cUniversity of Wisconsin Press$dc2004 215 $a1 online resource (xii, 203 p. ) 300 $aBibliographic Level Mode of Issuance: Monograph 311 $a0-299-19484-1 320 $aIncludes bibliographical references (p. 185-193) and index. 327 $aIntroduction: Russian Jewish Christians -- The Jewish question in Russia : separation of national and religious identity -- The path of faith : the sixties generation -- The path of faith : the eighties generation -- The paths diverge -- Concluding thoughts: The responsibility of chosenness. 410 0$aACLS Humanities E-Book. 606 $aJewish Christians$zSoviet Union$xHistory 606 $aJudaism$xRelations$xRusskai?a pravoslavnai?a t?serkov?$xHistory$y20th century 606 $aJews$zSoviet Union$xHistory 606 $aIntellectuals$zSoviet Union$xHistory 607 $aSoviet Union$xIntellectual life 615 0$aJewish Christians$xHistory. 615 0$aJudaism$xRelations$xRusskai?a pravoslavnai?a t?serkov?$xHistory 615 0$aJews$xHistory. 615 0$aIntellectuals$xHistory. 676 $a281.9/47/089924 700 $aKornblatt$b Judith Deutsch$01501121 801 0$bMiAaPQ 801 1$bMiAaPQ 801 2$bMiAaPQ 906 $aBOOK 912 $a9910777815503321 996 $aDoubly chosen$93728178 997 $aUNINA LEADER 01806nam 2200565 450 001 9910817516003321 005 20230421051820.0 010 $a0-8229-7155-0 035 $a(CKB)2550000001330430 035 $a(OCoLC)772645094 035 $a(CaPaEBR)ebrary10905425 035 $a(MiAaPQ)EBC2038090 035 $a(OCoLC)887803263 035 $a(MdBmJHUP)muse32087 035 $a(Au-PeEL)EBL2038090 035 $a(CaPaEBR)ebr10905425 035 $a(CaONFJC)MIL627574 035 $a(EXLCZ)992550000001330430 100 $a19920313h19921992 uy| 0 101 0 $aeng 135 $aurcnu|||||||| 181 $2rdacontent 182 $2rdamedia 183 $2rdacarrier 200 10$aAcademic discourse and critical consciousness /$fPatricia Bizzell 210 1$aPittsburgh :$cUniversity of Pittsburgh Press,$d[1992] 210 4$dİ1992 215 $a1 online resource (303 p.) 225 1 $aPittsburgh series in composition, literacy, and culture 311 $a0-8229-5485-0 311 $a1-306-96323-0 320 $aIncludes bibliographical references. 410 0$aPittsburgh series in composition, literacy, and culture. 606 $aEnglish language$xRhetoric$xStudy and teaching 606 $aAcademic writing$xStudy and teaching 606 $aCriticism$xAuthorship 606 $aCritical thinking 615 0$aEnglish language$xRhetoric$xStudy and teaching. 615 0$aAcademic writing$xStudy and teaching. 615 0$aCriticism$xAuthorship. 615 0$aCritical thinking. 676 $a808/.042/07 700 $aBizzell$b Patricia$01603640 801 0$bMiAaPQ 801 1$bMiAaPQ 801 2$bMiAaPQ 906 $aBOOK 912 $a9910817516003321 996 $aAcademic discourse and critical consciousness$93975145 997 $aUNINA